000 00187nam a22000737a 4500
999 _c24204
_d24204
003 Nust
005 20170526170109.0
008 140509b xxu||||| |||| 00| 0 eng d
020 _cAvailable
_a9898373020
040 _aDLC
_bDLC
_cRCMS
050 _a297.1977092 IQB
082 _a297.1977092 IQB
100 _aHussain, Iqbal S.
_9328
245 _aTerrorism in Action :
_bcivilizations at war
250 _a1st, ed.
260 _a[S.l. :
_bs.n.],
_cc2003.
300 _a382 p. ;
_bill.
_c22,cm.
440 _aTerrorism in action : civilizations at war
_9329
538 _iShelf # 13, Row # 3, Fiction.
650 _aTerrorism.
_9330
942 _2ddc
_cFIC
_k297.1977092 IQB
_m297.1977092 IQB